000 00676nam a2200265 a 4500
005 20210219153250.0
008 991125n 000 0 u
035 _aUPN01000087325
100 _aBurns, Marilyn
222 _aINSTRUCTOR
245 _aMath standards in action
300 _a28-29
362 _a102, No. 3, 1992
505 _aJunio 1993
653 0 _aADICION
653 0 _aCOMPUTACION
653 0 _aENSE\197ANZA MATEMATICA
653 0 _aESTIMACION (MATEMATICAS)
653 0 _aFRAGMENTOS
653 0 _aMATEMATICAS DE LA ESCUELA ELEMENTAL
653 0 _a7. MULTIPLICACION
700 _aWinson, Beth
904 _aAC
_b025136
905 _aArticulo
999 _c72516
_d72516